Statistiken für Deutsche Sprichwörter vervollständigen #2

Klicken Sie hier um das Quiz zu spielen!

Allgemein

  • Dieses Quiz wurde 413 mal gespielt
  • Das Durchschnittsergebnis liegt bei 13 aus 15

Antwortstatistiken

Sprichwort% Korrekt
Einem geschenkten Gaul schaut man nicht ins {Maul}.
100%
Schönheit liegt im Auge des {Betrachters}.
98%
Wer A sagt, muss auch {B} sagen.
97%
Es ist nicht alles {Gold}, was glänzt.
96%
Liebe geht durch den {Magen}.
94%
Übung macht den {Meister}.
94%
Taten sind mächtiger als {Wörter}.
93%
Der frühe {Vogel} fängt den Wurm.
92%
Pech im Spiel, Glück in der {Liebe}.
91%
Was sich {neckt}, das liebt sich.
88%
Jeder ist seines {Glückes} Schmied.
80%
{Angriff} ist die beste Verteidigung.
79%
Wo ein {Wille} ist, ist auch ein Weg.
74%
Trautes Heim, {Glück allein}.
65%
{Fünf Minuten} vor der Zeit ist des Deutschen Pünktlichkeit.
35%

Verteilung der Resultate

Perzentil nach korrekt beantworteten Fragen

Anzahl Personen mit jedem Resultat

Ihre Resultats-Entwicklung

Sie haben dieses Quiz noch nicht gespielt